Cities that have hosted SuperBowls - Statistics

General Stats
  • This quiz has been taken 27 times
  • The average score is 12 of 16
Answer Stats
Answer % Correct
Houston
95%
Miami
91%
San Francisco Bay Area
91%
Los Angeles
86%
New Orleans
86%
Atlanta
82%
Detroit
82%
Indianapolis
82%
Phoenix
82%
Tampa
82%
Las Vegas
77%
Minneapolis
77%
Jacksonville
73%
San Diego
73%
Dallas–Fort Worth
18%
New York Metropolitan Area
5%
No matching quizzes found
Score Distribution
Percent of People with Each Score
Percentile by Number Answered
Your Score History
You have not taken this quiz